00985naa a2200253 i 4500001000400000003000400004005001700008008003900025040000800064041000800072044000800080080001400088100014700102245008000249260001000329500004200339500012400381650001700505655003000522773011100552711004200663942001300705999001300718BPPBPK20180125095509.0151130s1997 EGY f |100 0 eng cBPK aeng aEGY a621.382.3 aKIEŁBASIŃSKI, Andrzej.d1996 - .bPolitechnika Koszalińska - Wydział Elektroniki,cKatedra Teorii Obwodów i Układów Elektronicznych aTransistor-only band-pass filters with high Q factor /cA. Kiełbasiński. c1997. aDane z bibliografii załącznikowej. asprawozdanie jednostki (Informator o publikowanych wynikach prac naukowo-badawczych w 2002 roku Wydziału Elektroniki). 0aTranzystory. 0aMateriały konferencyjne. iW :tProceedings of the Fourth IEEE International Conference on Electronics, Circuits and Systems. Vol. 2. aICECS'97n(4 ;d1997 ;cKair, Egipt). cART2UKD c106d106